|
|
|
|
| LEADER |
00000nam a2200000Ia 4500 |
| 008 |
180417b1997 s.l||||| |||| 00| | spa d |
| 999 |
|
|
|c 1705
|d 1705
|
| 090 |
|
|
|a 06.03.04
|b 26
|
| 100 |
1 |
|
|a Winkler, Donald R.
|9 2897
|
| 245 |
1 |
0 |
|a Descentralización de la educación : participación en el manejo de las escuelas a nivel local
|
| 260 |
|
|
|a [s.l.] :
|b Grupo de Desarrollo Humano,
|c 1997
|
| 300 |
|
|
|a 18 páginas
|
| 650 |
1 |
4 |
|a DESCENTRALIZACIÓN
|9 2184
|
| 650 |
1 |
4 |
|a EDUCACIÓN
|9 1
|
| 650 |
1 |
4 |
|a ESCUELAS
|9 300
|
| 650 |
1 |
4 |
|a FINANCIAMIENTO DE LA EDUCACIÓN
|9 338
|
| 650 |
1 |
4 |
|a SISTEMAS DE ENSEÑANZA
|9 401
|
| 942 |
|
|
|i 00830
|h 06.03.04 26
|2 z
|c 01
|